| 000 | 02053nam a2200481 i 4500 | ||
|---|---|---|---|
| 001 | 193109 | ||
| 003 | ES-MaACL | ||
| 005 | 20250801145726.0 | ||
| 007 | ta | ||
| 008 | 230728s1999 sp ||||| |000 0|spa c | ||
| 017 | _aDL M 16989-1999 | ||
| 020 | _a8487715788 | ||
| 035 | _a(ES-BaCBU).b25768888 | ||
| 035 | _a(OCoLC)807206352 | ||
| 035 | _a991003688409706706 | ||
| 040 |
_aES-BaCBU _bcat _cES-BaCBU _dES-BaBC _eEs-MaACL |
||
| 080 |
_a821.111 _x(73)-1 _x"19".09 _22004 |
||
| 080 |
_a821.111 _x(71)-1 _x"19".09 _22004 |
||
| 080 |
_a82 _x-051 _x-055.2 _x(73) _222004 |
||
| 080 |
_a82 _x-051 _x-055.2 _x(71) _222004 |
||
| 090 |
_aPS151 _b.D46 1999 |
||
| 245 | 0 | 0 |
_aDe mujeres, identidades y poesía : _bpoetas contemporáneas de Estados Unidos y Canadá / _c[editado por] Rosa García Rayego, Esther Sánchez-Pardo ; textos de Rosa García Rayego ... [et al.] |
| 260 |
_aMadrid : _bHoras y Horas, _ccop. 1999 |
||
| 300 |
_a224 p. ; _c21 cm |
||
| 336 |
_2rdacontent _aTexto |
||
| 337 |
_2rdamedia _asin mediación |
||
| 338 |
_2rdacarrier _avolumen |
||
| 490 | 1 |
_aCuadernos inacabados ; _v33 |
|
| 500 | _aConferencias del ciclo "Feminismo y literatura: poetas en lengua inglesa, siglo XX", celebrado en Madrid el año 1998 y organizado por el Instituto de Investigaciones Feministas de la Universidad Complutense de Madrid. | ||
| 500 | _aCatalogación provisional. Signatura: N 8595. Depósito J. | ||
| 650 | 7 |
_aMujeres y literatura _2embne _9143612 |
|
| 700 | 1 |
_aGarcía Rayego, Rosa, _d1953- _9233963 |
|
| 700 | 0 |
_aSánchez-Pardo González, Esther _9102829 |
|
| 830 |
_aCuadernos inacabados ; _v33 _9228380 |
||
| 852 |
_aES-MaACL _9200420 _bR.153363 _jN-8595 _cDEPOJ _hDonación: Juan Carlos Peira _zEn proceso |
||
| 903 |
_9233847 _aPeira, Juan Carlos _ednr |
||
| 908 |
_aURV _aANC _aBC _aICD |
||
| 942 |
_n0 _cMONOGRAFIA |
||
| 999 |
_c193109 _d193109 |
||